000 01352nam1a2200349 i 4500
001 RU\NLR\bibl\1431587
005 20241215073113.0
010 _a978-5-8243-1046-7
035 _a(NLR Aleph) 001423499
090 _a1357574
_c1357574
100 _a20091028g20099999k y0rusy50 ca
101 0 _arus
102 _aRU
105 _a||||z |||||
200 1 _aПравославие в Молдавии
_eвласть, церковь, верующие, 1940-1991
_eсобрание документов
_eв 4 т.
_fотв. ред., сост. и авт. предисл. В. Пасат
210 _aМосква
_cРОССПЭН
_d2009
215 _d26
463 0 _10011427776
463 0 _10011462780
463 0 _10011793216
463 0 _10011869481
601 0 2 _aРусская православная церковь
_jДокументы и материалы
_xИстория
_yМолдавия
_92475421
_3RU\NLR\auth\661469883
686 _aЭ372.24-39(2М),1
702 1 _aПасат
_bВ.
_gВалериу
_4220
801 0 _aRU
_bNLR
_c20091028
_gRCR
801 1 _aRU
_bNLR
_c20091028
830 _aсост. по кн.
852 _aNLR
_j2009-7/5804
942 _cBOOK
980 _aNBR